000 00968nam a2200253 i 4500
001 bg
100 1 _aNIEWIADOMSKA-SZYNKIEWICZ, Ewa
245 1 0 _aSymulacja komputerowa w analizie i projektowaniu złożonych systemów sterowania /
_cEwa Niewiadomska-Szynkiewicz.
260 _aWarszawa :
_bOficyna Wydawnicza PW,
_c2005.
300 _a174 s. :
_bwykr. ;
_c24 cm.
490 1 _aPrace Naukowe. Elektronika / Politechnika Warszawska ;
_v0137-2343
500 _aOpis wg okł. - W nagł. odmienny tyt. serii: Prace Naukowe Politechniki Warszawskiej. - Streszcz. ang.
500 _aPrace Naukowe Politechniki Warszawskiej.
500 _aNumeracja ser. gł. : z. 150.
504 _aBibliogr.
650 9 _aSymulacja
_xstosowanie
650 9 _aSterowanie
_xteoria
830 0 _aPrace Naukowe. Elektronika (Politechnika Warszawska) ;
040 _cBPK
041 0 _apol
_beng
080 _a004.94:007.3
942 _cKS
008 s pl f |000 0 pol
999 _c46376
_d46376
856 _uhttp://koha.tu.koszalin.pl/cgi-bin/koha/opac-detail.pl?biblionumber=46376
_yKatalog online BPK